Konkurencieschopnosť - kľúčový fenomén medzinárodného podnikania v období globalizácie

Recenzia na publikáciu Mezinárodní management. Kniha je venovaná skúmaniu jednotlivých aspektov medzinárodného podnikania v období globalizácie svetového hospodárstva. Pozornosť sústreďuje najmä na najaktuálnejšie aspekty tohto procesu a jeho najdôležitejšie inštitucionálne elementy. Tými sú multin...

Descrizione completa

Salvato in:
Dettagli Bibliografici
Autore principale: Baláž, Peter
Natura: Capitolo di libro
Lingua:slovacco
Soggetti:
Tags: Aggiungi Tag
Nessun Tag, puoi essere il primo ad aggiungerne!!

MARC

LEADER 00000naa$a2200000$$$4500
001 0028695
005 20231019130500.3
041 0 |a slo 
044 |a CZ 
245 1 0 |a Konkurencieschopnosť - kľúčový fenomén medzinárodného podnikania v období globalizácie  |c Peter Baláž 
520 |a Recenzia na publikáciu Mezinárodní management. Kniha je venovaná skúmaniu jednotlivých aspektov medzinárodného podnikania v období globalizácie svetového hospodárstva. Pozornosť sústreďuje najmä na najaktuálnejšie aspekty tohto procesu a jeho najdôležitejšie inštitucionálne elementy. Tými sú multinacionálne a transnacionálne korporácie a medzinárodné siete, ktoré na presadzovanie svojich ekonomických záujmov s cieľom získania dostatočnej sily na ich úspešné presadzovanie spoločne vytvárajú. 
610 2 0 |a manažment medzinárodný 
610 2 0 |a recenzie 
610 2 0 |a podnikanie medzinárodné 
610 2 0 |a konkurencieschopnosť 
610 2 0 |a globalizácia 
610 2 0 |a aliancie strategické 
610 2 0 |a korporácie transnacionálne 
100 1 |a Baláž, Peter